000 00436nam a22001817a 4500
003 MPLRDC
005 20220104123730.0
008 210129b ||||| |||| 00| 0 eng d
082 _a173.4 SHP
100 _a观汉屏编著
245 _a女人心说服术
_c
250 _a初版
260 _a
_b阳明书局
_c1986
300 _b
490 _a修身养性励志丛书
650 _a女性心理学
942 _cBK
_o173.4 SHP
999 _c13763
_d13753